00996nam a2200301 i 4500001000400000245010400004246002700108250001200135260003600147300002100183490004300204650002200247655001400269700002600283710004900309830002500358020001500383040000800398041000800406044000800414080001800422920001800440942000700458008004100465999001700506856009800523952007300621bgj10aDuden :bdas Stilwörterbuch /chrsg. von der Dudenredaktion ; [red. Bearb., Maria Grazia Chiaro]. aDas |Stilwörterbuch. aWyd. 8. aMannheim :bDudenverlag,c2004. a979 s. ;c20 cm.0 aDer Duden in zwölf Bänden ;vBd. 2 9aJęzyk niemiecki aSłowniki1 aCHIARO, Maria Grazia. aDudenredaktion (Bibliographisches Institut). aDuden in 12 Bänden a3411040289 cBPK0 ager aDEU a811.112.2(03) a3-411-04028-9 cKS s gw f |000 0 ger  c49418d49418 uhttp://koha.tu.koszalin.pl/cgi-bin/koha/opac-detail.pl?biblionumber=49418yKatalog online BPK 00104071aBPKbBPKcehoN 1065p02123882t811.112.2(03) Jn-e,syKS